000 00611nam a2200229Ia 4500
003 OSt
005 20221005045255.0
006 a|||||r|||| 00| 0
007 ta
008 221004b |||||||| |||| 00| 0 mal d
024 _a58646
037 _cTextual
040 _aCRL
_cCRL
_bmal
041 _2mal
_amal
082 _aS, 32M2
100 _aYati Nitya Chaitanya Au.
_9593360
245 0 _aManassastram jeevithathil
260 _aKerala
_bNarayana gurukula India
_c1982
650 _aPSYCHOLOGY
942 _hS, 32M2
_cTEXL
_2cc
999 _c954742
_d954742